Prénoms de Présidents - Mort Subite - Statistiques

Statistiques générales
  • Ce quiz a été pris 814 fois
  • Le résultat moyen est 8 sur 23
Answers on the Grid
Answers color-coded by a green-red scale on the quiz's grid according to % correct below.
Paul
Gaspard
Alain
Charles
Christophe
Quentin
Gaston
Titouan
Salomon
Grégoire
Patrice
Nicolas
Romain
René
Philippe
Victor
Armand
Jean
Vincent
Louis-Napoléon
Dagobert
Sadi
Jean-Marie
François
Louis-Philippe
Brieuc
Edmond
Hugo
Lucien
Alexandre
Raymond
Simon
Georges
Bertrand
Rémi
Adolphe
Jules
Fidel
Émile
Amédée
Lionel
Félix
Emmanuel
Pierre
André
Albert
Jacques
Louis
Jean-Paul
Valéry
 
Statistiques - réponses
Réponse % Correct
Valéry
66%
Emmanuel
65%
François
60%
Charles
59%
Nicolas
57%
Jacques
53%
Louis-Napoléon
47%
Paul
44%
Georges
40%
Félix
38%
René
37%
Raymond
29%
Sadi
29%
Jules
28%
Adolphe
27%
Gaston
26%
Émile
24%
Vincent
20%
Albert
17%
Alexandre
16%
Armand
16%
Jean
16%
Patrice
12%
Aucun quiz correspondant
Distribution des résultats
% des personnes avec chaque résultat
Percentile par nombre de réponses
Votre historique - résultats
Vous n’avez pas pris ce quiz